000 02107nam a2200433 c 4500
003 BLK
005 20230322121457.0
008 180409b bul|||||r ||||||| ||bul||
010 _aKNG00140106000
020 _a978-954-92301-2-3
_bиздат.: Интерюнивърсити - Мермерски - (попр.)
020 _a987-954-92301-2-3
_bиздат.: Интерюнивърсити - Мермерски - (грешен)
040 _aBLK
041 _aBUL
_cBUL
072 7 _2bullib
_aН61
_xМедицина Н
080 _aХигиена. Лично здраве. Вж и 614 ; 616-083
_b613
_x-055.2
_z613-055.2
080 _aФизикални средства. Лечение с природни средства
_b615.83
_x
_z615.83
080 _aНародна медицина. Лечение с домашни средства
_b615.89
_x(083.1)
_z615.89(083.1)
100 1 _aМермерски, Христо Минков
_eпърви автор
_9373950
700 1 _aМермерски, Йонко Христов
_eсъавт.
_9365059
139 _aМермерски, Христо Минков и др.
_bМ 49
245 1 0 _aПриродната медицина - панацея за красотата, младостта и дълголетието на жената
_cХристо Минков Мермерски; съавт. Йонко Христов Мермерски.
257 _aBGR
260 София
_bИнтерюнивърсити - Мермерски
_c2009
_fСофия : Аси принт
300 _a792 с.
_bс табл.
_c20 см
380 _a61
650 4 _aЖени - хигиена
_9242990
650 4 _aПриродолечение
_9167899
650 4 _aЛечебно хранене - рецепти
_9243004
653 _aжени
653 _aприродолечение
653 _aхигиена
653 _aлечебно хранене
659 _aН
852 _aЦб 258552
856 4 _qpdf
_u
856 4 _qpdf
_u
942 _cKNG
_n0
_01
944 _aCR
_c27.02.2013
_lф /
_kЛюдмила_Стоянова
944 _aED
_c23.05.2017
_lф /
_kВиолета_Тройчева
999 _c134199
_d134199